Normal view
MARC view
- Rebello, Luiz Francisco
Entry Nombre Personal
001 - NUMERO DE CONTROL
- campo de control: 51055
003 - IDENTIFICADOR DE NUMERO DE CONTROL
- campo de control: UPN
005 - FECHA Y HORA DE LA ÜLTIMA TRANSACCIÓN
- campo de control: 20240216085104.0
008 - DATOS DE LONGITUD FIJA
- campo de control de longitud fija: 240216|| aca||aabn | aaa d
040 ## - FUENTE DE CATALOGACIÓN
- Agencia original de catalogación: MX-MxUPN
- Lenguaje de catalogación: spa
100 1# - ENCABEZAMIENTO - NOMBRE PERSONAL
- Nombre personal: Rebello, Luiz Francisco
- Fechas asociadas con el nombre: 1924-2011
370 ## - LUGAR ASOCIADO
- Place of birth: Lisboa
- Place of death: Lisboa
373 ## - GRUPO ASOCIADO
- Fuente del término: $naf
- Associated group: Sociedade Portuguesa de Autores
- Start period: 1973
- End period: 2003
373 ## - GRUPO ASOCIADO
- Fuente del término: $naf
- Associated group: Teatro-Estúdio do Salitre
- Start period: 1946
374 ## - OCUPACIÓN
- Occupation: Abogado
374 ## - OCUPACIÓN
- Occupation: Dramaturgo
374 ## - OCUPACIÓN
- Occupation: Historiador
377 ## - LENGUA ASOCIADA
- Language code: por
670 ## - FUENTE EN LA QUE SE LOCALIZARON DATOS
- Cita de la fuente: Library of Congress, 16 de febrero 2024:
- Información localizada: (Rebello, Luiz Francisco)
- Uniform Resource Identifier: https://lccn.loc.gov/n82094943
670 ## - FUENTE EN LA QUE SE LOCALIZARON DATOS
- Cita de la fuente: LIBRUNAM Autoridades, 16 de febrero de 2024:
- Información localizada: (Rebello, Luiz Francisco)
670 ## - FUENTE EN LA QUE SE LOCALIZARON DATOS
- Cita de la fuente: Wikipedia, 16 de febrero de 2024:
- Información localizada: (Luiz Francisco Rebello (Lisboa, 10 de septiembre de 1924 - Lisboa, 8 de diciembre de 2011) fue un abogado, dramaturgo, crítico teatral, historiador del teatro y ensayista portugués. Presidió la Sociedade Portuguesa de Autores durante 30 años (1973 a 2003). Fundó y dirigió, en 1946, juntamente con Gino Saviotti, el Teatro-Estúdio do Salitre)
902 ## - CATALOGADOR
- Catalogador: MaríaRobles/160224
